|
|
|
|
| LEADER |
00000cam a2200000 7i4500 |
| 001 |
0000014421 |
| 005 |
20080325.0 |
| 008 |
080229 |
| 020 |
|
|
|a 9837201177
|
| 090 |
0 |
0 |
|a 332.644
|b WAS
|
| 100 |
0 |
|
|a Wasendorf, Russel R.
|
| 245 |
1 |
0 |
|a All about options :
|b From the inside out
|c Russell R. Wasendorf ; Thomas A. McCafferty
|
| 260 |
|
|
|a Kuala Lumpur :
|b Golden Books Centre ,
|c 1994
|
| 650 |
|
0 |
|a Options (Finance)
|
| 700 |
1 |
|
|a McCafferty, Thomas A.
|
| 710 |
0 |
|
|a Title
|
| 999 |
|
|
|a 0001011165
|b Book
|c Adult Collection
|e Perbadanan Perpustakaan Awam Johor
|
| 999 |
|
|
|a 0001011166
|b Book
|c Adult Collection
|e Perbadanan Perpustakaan Awam Johor
|
| 999 |
|
|
|a 0001011167
|b Book
|c Adult Collection
|e Perbadanan Perpustakaan Awam Johor
|